000 00663nam a2200241Ia 4500
003 OSt
005 20220924122739.0
006 a|||||r|||| 00| 0
007 ta
008 220923b |||||||| |||| 00| 0 pur d
024 _a286555
037 _cTextual
040 _aARTS
_cARTS
_bpur
041 _2pur
_apur
082 _aO164,1F93,12, 168F7
100 _aTekchand Latif
_9190567
245 0 _aBahar-e-Bostan
260 _aLucknow
_bMunshi Naval Kishore India
_c1927
300 _a610p.
_ccm.
650 _aPERSIAN LITERATURE
_9309
942 _hO164,1F93,12, 168F7
_cTEXL
_2CC
999 _c412915
_d412915